| 000 | 01855cab a2200637 4500 | ||
|---|---|---|---|
| 001 | ABS48963 | ||
| 008 | 090401t1993 xxu||||| |||| 00| 0 eng d | ||
| 035 | _a(Sirsi) u69264 | ||
| 041 | _aeng | ||
| 245 | _aGreen construction | ||
| 260 | _c1993 | ||
| 350 | _a0 | ||
| 490 |
_aArchitects` Journal _v198(2) 14 July 1993, 46-48; 198(3) 21 July 1993, 3 |
||
| 520 | _aEdited extracts, in two parts, from "Going green", the guide to the effects of building materials and services on the environment prepared by Ove Arup on behalf of JT Design & Build. Suggests good practice. | ||
| 650 | _aADMIXTURES | ||
| 650 | _aAGGREGATES | ||
| 650 | _aBUILT ENVIRONMENT-BUILDING ELEMENTS-COMPLETE BUILDING SERVICES ELEMENTS-COMPLETE HEATING, VENTILATION AND AIR CONDITIONING SYSTEMS | ||
| 650 | _aALUMINIUM | ||
| 650 | _aMANAGEMENT-HEALTH AND SAFETY-HAZARDOUS SUBSTANCES-ASBESTOS | ||
| 650 | _aASPHALT | ||
| 650 | _aBITUMEN | ||
| 650 | _aBLOCKS | ||
| 650 | _aBOARDS | ||
| 650 | _aBRICKS | ||
| 650 | _aBUILDING PRODUCTS | ||
| 650 | _aCEMENT | ||
| 650 | _aCONCRETE | ||
| 650 | _aELECTRICITY | ||
| 650 | _aENVIRONMENTAL ASSESSMENT | ||
| 650 | _aFIBRES | ||
| 650 | _aFIRE PROTECTION | ||
| 650 | _aFLOOR FINISHES | ||
| 650 | _aGLASS | ||
| 650 | _aGLAZING | ||
| 650 | _aHEATING | ||
| 650 | _aLEAD | ||
| 650 | _aLIGHTING | ||
| 650 | _aORGANIC SOLVENTS | ||
| 650 | _aPAINT | ||
| 650 | _aPLASTER | ||
| 650 | _aRADON | ||
| 650 | _aRENDERING | ||
| 650 | _aRESINS | ||
| 650 | _aRUBBER | ||
| 650 | _aSEALANTS | ||
| 650 | _aSTEEL | ||
| 650 | _aBUILT ENVIRONMENT-BUILDING MATERIALS-STONE | ||
| 650 | _aTHERMAL INSULATION | ||
| 650 | _aTIMBER | ||
| 650 | _aWASTE WATER | ||
| 650 | _aZINC | ||
| 690 | _aBUILT ENVIRONMENT-BUILDING MATERIALS | ||
| 690 |
_aEnvironment _96238 |
||
| 942 | _n0 | ||
| 948 | _c04/03/1997 | ||
| 999 |
_c43502 _d43502 |
||